Java web services (E-BOOK) (Record no. 192912)

000 -LEADER
fixed length control field 01075 a2200265 4500
003 - CONTROL NUMBER IDENTIFIER
control field Nust
005 - DATE AND TIME OF LATEST TRANSACTION
control field 20170207154046.0
020 ## - INTERNATIONAL STANDARD BOOK NUMBER
International Standard Book Number 0-596-00269-6
040 ## - CATALOGING SOURCE
Transcribing agency Nust
082 04 - DEWEY DECIMAL CLASSIFICATION NUMBER
Classification number 005.133
082 04 - DEWEY DECIMAL CLASSIFICATION NUMBER
Classification number 005.133
100 1# - MAIN ENTRY--PERSONAL NAME
Personal name Chappell, David A.
245 00 - TITLE STATEMENT
Title Java web services (E-BOOK)
Statement of responsibility, etc. David A. Chappell and Tyler Jewell
260 ## - PUBLICATION, DISTRIBUTION, ETC.
Place of publication, distribution, etc. Beijing :
Name of publisher, distributor, etc. O'Reilly,
Date of publication, distribution, etc. cop. 2002
300 ## - PHYSICAL DESCRIPTION
Extent 262 s.
505 ## - FORMATTED CONTENTS NOTE
Formatted contents note Welcome to Web Services 11 Inside the Composite Computing Model 17 SOAP: The Cornerstone of Interoperability 28 SOAP-RPC, SOAP-Faults, and Misunderstanding 55 Web Services Description Language 72 UDDI: Universal Description, Discovery, and Integration 96 JAX-RPC and JAXM 138 J2EE and Web Services 169 Web Services Interoperability 186 Web Services Security 227
650 #7 - SUBJECT ADDED ENTRY--TOPICAL TERM
Topical term or geographic name entry element Computer network protocols
650 #7 - SUBJECT ADDED ENTRY--TOPICAL TERM
Topical term or geographic name entry element Internet programming
650 #7 - SUBJECT ADDED ENTRY--TOPICAL TERM
Topical term or geographic name entry element Internetprogrammering
650 #7 - SUBJECT ADDED ENTRY--TOPICAL TERM
Topical term or geographic name entry element Java (Computer program language)
650 #7 - SUBJECT ADDED ENTRY--TOPICAL TERM
Topical term or geographic name entry element JAVA (programsprå«©
650 #7 - SUBJECT ADDED ENTRY--TOPICAL TERM
Topical term or geographic name entry element Kommunikationsprotokoll
651 ## - SUBJECT ADDED ENTRY--GEOGRAPHIC NAME
Geographic name Java web services (E-BOOK)
700 1# - ADDED ENTRY--PERSONAL NAME
Personal name Jewell, Tyler
942 ## - ADDED ENTRY ELEMENTS (KOHA)
Source of classification or shelving scheme
Koha item type Book
Holdings
Withdrawn status Lost status Source of classification or shelving scheme Damaged status Not for loan Collection code Permanent Location Current Location Date acquired Total Checkouts Full call number Barcode Date last seen Price effective from Koha item type
            Military College of Signals (MCS) Military College of Signals (MCS) 12/12/2016   005.133 CHA MCSEB-1941 12/08/2016 12/12/2016 Book
© 2023 Central Library, National University of Sciences and Technology. All Rights Reserved.